[Event "Stay Safe Play From Home 274"]
[Site "Emanuel Lasker Arena"]
[Date "2020.07.03"]
[Round "1"]
[White "Uber_WING"]
[Black "Greblha"]
[Result "1-0"]
[WhiteElo "2427"]
[BlackElo "1974"]
[PlyCount "45"]
[EventDate "2020.07.03"]
[EventType "swiss (blitz)"]

1. e4 {[%emt 0:00:00]} c6 {[%emt 0:00:00]} 2. Nc3 {[%emt 0:00:01]} d5 {[%emt 0:00:00]} 3. d3 {[%emt 0:00:00]} dxe4 {[%emt 0:00:01]} 4. d4 {[%emt 0:00:00]} f5 {[%emt 0:00:01]} 5. f3 {[%emt 0:00:00]} exf3 {[%emt 0:00:01]} 6. Nxf3 {[%emt 0:00:00]} Nf6 {[%emt 0:00:01]} 7. Bc4 {[%emt 0:00:00]} e6 {[%emt 0:00:02]} 8. O-O {[%emt 0:00:01]} Bb4 {[%emt 0:00:03]} 9. Qe1 {[%emt 0:00:01]} O-O {[%emt 0:00:02]} 10. Bxe6+ {[%emt 0:00:01]} Bxe6 {[%emt 0:00:01]} 11. Qxe6+ {[%emt 0:00:00]} Rf7 {[%emt 0:00:01]} 12. Qxf5 {[%emt 0:00:01]} Nbd7 {[%emt 0:00:01]} 13. Ng5 {[%emt 0:00:01]} Rf8 {[%emt 0:00:01]} 14. Ne6 {[%emt 0:00:01]} g6 {[%emt 0:00:02]} 15. Qh3 {[%emt 0:00:05]} Qb6 {[%emt 0:00:03]} 16. Nxf8 {[%emt 0:00:01]} Qxd4+ {[%emt 0:00:01]} 17. Be3 {[%emt 0:00:01]} Qe5 {[%emt 0:00:06]} 18. Nxd7 {[%emt 0:00:01]} Nxd7 {[%emt 0:00:02]} 19. Rae1 {[%emt 0:00:01]} Bxc3 {[%emt 0:00:04]} 20. bxc3 {[%emt 0:00:01]} Qxc3 {[%emt 0:00:02]} 21. Qe6+ {[%emt 0:00:02]} Kh8 {[%emt 0:00:04]} 22. Qxd7 {[%emt 0:00:01]} Rg8 {[%emt 0:00:03]} 23. Bd4+ {[%emt 0:00:01] Greblha gibt auf (Lag: Av=0.36s, max=0.8s)} 1-0

[Event "Stay Safe Play From Home 274"]
[Site "Emanuel Lasker Arena"]
[Date "2020.07.03"]
[Round "1"]
[White "Broken sword"]
[Black "Buzaglo"]
[Result "1-0"]
[WhiteElo "2421"]
[BlackElo "1940"]
[PlyCount "129"]
[EventDate "2020.07.03"]
[EventType "swiss (blitz)"]

1. d4 {[%emt 0:00:01]} e6 {[%emt 0:00:00]} 2. c4 {[%emt 0:00:01]} d5 {[%emt 0:00:00]} 3. Nc3 {[%emt 0:00:00]} Nf6 {[%emt 0:00:01]} 4. Nf3 {[%emt 0:00:00]} dxc4 {[%emt 0:00:01]} 5. Bg5 {[%emt 0:00:01]} c5 {[%emt 0:00:00]} 6. e3 {[%emt 0:00:04]} Be7 {[%emt 0:00:01]} 7. Bxc4 {[%emt 0:00:01]} cxd4 {[%emt 0:00:00]} 8. Qxd4 {[%emt 0:00:01]} O-O {[%emt 0:00:02]} 9. O-O {[%emt 0:00:01]} Nc6 {[%emt 0:00:00]} 10. Qxd8 {[%emt 0:00:01]} Rxd8 {[%emt 0:00:01]} 11. Rfd1 {[%emt 0:00:00]} Bd7 {[%emt 0:00:02]} 12. a3 {[%emt 0:00:01]} Be8 {[%emt 0:00:01]} 13. Ba2 {[%emt 0:00:01]} h6 {[%emt 0:00:01]} 14. Bh4 {[%emt 0:00:00]} g5 {[%emt 0:00:04]} 15. Bg3 {[%emt 0:00:01]} Nh5 {[%emt 0:00:01]} 16. Bc7 {[%emt 0:00:01]} Rxd1+ {[%emt 0:00:01]} 17. Rxd1 {[%emt 0:00:00]} Bf6 {[%emt 0:00:01]} 18. h3 {[%emt 0:00:03]} Ng7 {[%emt 0:00:01]} 19. Bb3 {[%emt 0:00:02]} Nf5 {[%emt 0:00:01]} 20. Ba4 {[%emt 0:00:01]} Nfe7 {[%emt 0:00:01]} 21. Bc2 {[%emt 0:00:02]} a6 {[%emt 0:00:01]} 22. Bd6 {[%emt 0:00:01]} Nf5 {[%emt 0:00:01]} 23. Bc7 {[%emt 0:00:03]} Nfe7 {[%emt 0:00:01]} 24. Bd6 {[%emt 0:00:02]} Nf5 {[%emt 0:00:01]} 25. Bxf5 {[%emt 0:00:01]} exf5 {[%emt 0:00:01]} 26. Rd2 {[%emt 0:00:01]} Rd8 {[%emt 0:00:01]} 27. g3 {[%emt 0:00:03]} Bd7 {[%emt 0:00:01]} 28. Nd5 {[%emt 0:00:02]} Kg7 {[%emt 0:00:03]} 29. Bc7 {[%emt 0:00:01]} Rc8 {[%emt 0:00:02]} 30. Nxf6 {[%emt 0:00:00]} Rxc7 {[%emt 0:00:03]} 31. Nxd7 {[%emt 0:00:01]} Ne7 {[%emt 0:00:02]} 32. Nb6 {[%emt 0:00:01]} Rc1+ {[%emt 0:00:03]} 33. Kg2 {[%emt 0:00:01]} Ng6 {[%emt 0:00:00]} 34. Nd5 {[%emt 0:00:01]} Rc5 {[%emt 0:00:01]} 35. b4 {[%emt 0:00:01]} Rc6 {[%emt 0:00:01]} 36. h4 {[%emt 0:00:00]} g4 {[%emt 0:00:03]} 37. Nd4 {[%emt 0:00:01]} Rc8 {[%emt 0:00:01]} 38. Nxf5+ {[%emt 0:00:01]} Kh7 {[%emt 0:00:01]} 39. Nfe7 {[%emt 0:00:01]} Rc1 {[%emt 0:00:02]} 40. Nxg6 {[%emt 0:00:01]} Kxg6 {[%emt 0:00:01]} 41. Nf4+ {[%emt 0:00:00]} Kg7 {[%emt 0:00:01]} 42. Rd7 {[%emt 0:00:00]} h5 {[%emt 0:00:00]} 43. Rxb7 {[%emt 0:00:01]} Ra1 {[%emt 0:00:00]} 44. Nxh5+ {[%emt 0:00:00]} Kg6 {[%emt 0:00:01]} 45. Nf4+ {[%emt 0:00:00]} Kg7 {[%emt 0:00:00]} 46. Ne6+ {[%emt 0:00:02]} Kf6 {[%emt 0:00:00]} 47. Nc5 {[%emt 0:00:00]} Rxa3 {[%emt 0:00:01]} 48. Rb6+ {[%emt 0:00:00]} Ke5 {[%emt 0:00:01]} 49. Rxa6 {[%emt 0:00:01]} Kd5 {[%emt 0:00:00]} 50. Rxa3 {[%emt 0:00:01]} Kc4 {[%emt 0:00:00]} 51. Rd3 {[%emt 0:00:00]} Kb5 {[%emt 0:00:00]} 52. Rd4 {[%emt 0:00:01]} f5 {[%emt 0:00:00]} 53. Ne6 {[%emt 0:00:01]} f4 {[%emt 0:00:00]} 54. Nxf4 {[%emt 0:00:00]} Kc6 {[%emt 0:00:02]} 55. h5 {[%emt 0:00:00]} Kc7 {[%emt 0:00:00]} 56. b5 {[%emt 0:00:00]} Kb6 {[%emt 0:00:01]} 57. h6 {[%emt 0:00:01]} Ka5 {[%emt 0:00:00]} 58. b6 {[%emt 0:00:00]} Kxb6 {[%emt 0:00:00]} 59. h7 {[%emt 0:00:01]} Ka5 {[%emt 0:00:00]} 60. h8=Q {[%emt 0:00:00]} Kb6 {[%emt 0:00:00]} 61. Qf6+ {[%emt 0:00:00]} Kc5 {[%emt 0:00:00]} 62. Qe5+ {[%emt 0:00:00]} Kc6 {[%emt 0:00:01]} 63. Rd6+ {[%emt 0:00:00]} Kc7 {[%emt 0:00:00]} 64. Qe7+ {[%emt 0:00:00]} Kc8 {[%emt 0:00:01]} 65. Rd8# {[%emt 0:00:00] (Lag: Av=0.42s, max=1.0s)} 1-0

[Event "Stay Safe Play From Home 274"]
[Site "Emanuel Lasker Arena"]
[Date "2020.07.03"]
[Round "1"]
[White "Toosieslide"]
[Black "Justwatch"]
[Result "1-0"]
[WhiteElo "2241"]
[BlackElo "1697"]
[PlyCount "113"]
[EventDate "2020.07.03"]
[EventType "swiss (blitz)"]

1. d4 {[%emt 0:00:02]} Nf6 {[%emt 0:00:07]} 2. c4 {[%emt 0:00:02]} g6 {[%emt 0:00:00]} 3. g3 {[%emt 0:00:02]} Bg7 {[%emt 0:00:00]} 4. Bg2 {[%emt 0:00:00]} O-O {[%emt 0:00:00]} 5. Nf3 {[%emt 0:00:00]} d6 {[%emt 0:00:00]} 6. O-O {[%emt 0:00:00]} Nc6 {[%emt 0:00:00]} 7. Nc3 {[%emt 0:00:00]} Bg4 {[%emt 0:00:00]} 8. d5 {[%emt 0:00:02]} Bxf3 {[%emt 0:00:01]} 9. Bxf3 {[%emt 0:00:02]} Ne5 {[%emt 0:00:00]} 10. b3 {[%emt 0:00:03]} Nxf3+ {[%emt 0:00:01]} 11. exf3 {[%emt 0:00:00]} Nh5 {[%emt 0:00:01]} 12. Bb2 {[%emt 0:00:01]} e6 {[%emt 0:00:01]} 13. Qc2 {[%emt 0:00:01]} e5 {[%emt 0:00:01]} 14. Rae1 {[%emt 0:00:02]} a6 {[%emt 0:00:00]} 15. Kg2 {[%emt 0:00:01]} f5 {[%emt 0:00:01]} 16. Ne2 {[%emt 0:00:02]} f4 {[%emt 0:00:01]} 17. Nc3 {[%emt 0:00:01]} fxg3 {[%emt 0:00:01]} 18. fxg3 {[%emt 0:00:01]} Qf6 {[%emt 0:00:01]} 19. Ne4 {[%emt 0:00:01]} Qf5 {[%emt 0:00:02]} 20. Qe2 {[%emt 0:00:02]} Bh6 {[%emt 0:00:03]} 21. Bc1 {[%emt 0:00:01]} Bxc1 {[%emt 0:00:02]} 22. Rxc1 {[%emt 0:00:00]} Rae8 {[%emt 0:00:02]} 23. Rce1 {[%emt 0:00:01]} Nf6 {[%emt 0:00:01]} 24. Kg1 {[%emt 0:00:01]} Nxe4 {[%emt 0:00:01]} 25. fxe4 {[%emt 0:00:01]} Qh3 {[%emt 0:00:01]} 26. Rxf8+ {[%emt 0:00:01]} Rxf8 {[%emt 0:00:00]} 27. Rf1 {[%emt 0:00:00]} Rxf1+ {[%emt 0:00:01]} 28. Qxf1 {[%emt 0:00:00]} Qxf1+ {[%emt 0:00:01]} 29. Kxf1 {[%emt 0:00:00]} Kf7 {[%emt 0:00:00]} 30. Kf2 {[%emt 0:00:00]} Kf6 {[%emt 0:00:00]} 31. Kf3 {[%emt 0:00:00]} h5 {[%emt 0:00:00]} 32. h4 {[%emt 0:00:01]} g5 {[%emt 0:00:01]} 33. Kg2 {[%emt 0:00:02]} g4 {[%emt 0:00:01]} 34. Kf2 {[%emt 0:00:00]} Kg6 {[%emt 0:00:01]} 35. Ke2 {[%emt 0:00:01]} Kf6 {[%emt 0:00:00]} 36. Kd3 {[%emt 0:00:00]} Kf7 {[%emt 0:00:00]} 37. b4 {[%emt 0:00:00]} Ke7 {[%emt 0:00:01]} 38. c5 {[%emt 0:00:00]} Kd7 {[%emt 0:00:00]} 39. Kc4 {[%emt 0:00:00]} c6 {[%emt 0:00:01]} 40. a4 {[%emt 0:00:02]} cxd5+ {[%emt 0:00:01]} 41. Kxd5 {[%emt 0:00:01]} dxc5 {[%emt 0:00:01]} 42. bxc5 {[%emt 0:00:01]} Kc7 {[%emt 0:00:01]} 43. Kxe5 {[%emt 0:00:00]} Kc6 {[%emt 0:00:00]} 44. Kf6 {[%emt 0:00:00]} Kxc5 {[%emt 0:00:00]} 45. e5 {[%emt 0:00:00]} Kc4 {[%emt 0:00:00]} 46. e6 {[%emt 0:00:00]} Kb4 {[%emt 0:00:01]} 47. e7 {[%emt 0:00:00]} Kxa4 {[%emt 0:00:00]} 48. e8=Q+ {[%emt 0:00:00]} b5 {[%emt 0:00:00]} 49. Qxh5 {[%emt 0:00:00]} b4 {[%emt 0:00:00]} 50. Qxg4 {[%emt 0:00:00]} a5 {[%emt 0:00:01]} 51. h5 {[%emt 0:00:00]} Ka3 {[%emt 0:00:00]} 52. h6 {[%emt 0:00:00]} b3 {[%emt 0:00:00]} 53. h7 {[%emt 0:00:00]} a4 {[%emt 0:00:00]} 54. h8=Q {[%emt 0:00:00]} b2 {[%emt 0:00:00]} 55. Qf8+ {[%emt 0:00:01]} Ka2 {[%emt 0:00:01]} 56. Qxa4+ {[%emt 0:00:02]} Kb1 {[%emt 0:00:00]} 57. Qfb4 {[%emt 0:00:01] (Lag: Av=0.70s, max=3.5s)} 1-0

[Event "Stay Safe Play From Home 274"]
[Site "Emanuel Lasker Arena"]
[Date "2020.07.03"]
[Round "1"]
[White "SoulofWolf"]
[Black "Grizzzly"]
[Result "0-1"]
[WhiteElo "2232"]
[BlackElo "1790"]
[PlyCount "86"]
[EventDate "2020.07.03"]
[EventType "swiss (blitz)"]

1. f4 {[%emt 0:00:05]} e6 {[%emt 0:00:00]} 2. d3 {[%emt 0:00:00]} d5 {[%emt 0:00:01]} 3. e4 {[%emt 0:00:01]} dxe4 {[%emt 0:00:01]} 4. dxe4 {[%emt 0:00:00]} Qxd1+ {[%emt 0:00:01]} 5. Kxd1 {[%emt 0:00:00]} Nc6 {[%emt 0:00:01]} 6. Bd3 {[%emt 0:00:00]} Bc5 {[%emt 0:00:01]} 7. a3 {[%emt 0:00:01]} Nge7 {[%emt 0:00:01]} 8. Nf3 {[%emt 0:00:00]} Nd4 {[%emt 0:00:01]} 9. Nbd2 {[%emt 0:00:01]} O-O {[%emt 0:00:02]} 10. Nxd4 {[%emt 0:00:02]} Bxd4 {[%emt 0:00:01]} 11. c3 {[%emt 0:00:00]} Bb6 {[%emt 0:00:01]} 12. b4 {[%emt 0:00:02]} c5 {[%emt 0:00:01]} 13. b5 {[%emt 0:00:01]} Bd7 {[%emt 0:00:01]} 14. Kc2 {[%emt 0:00:01]} Rfd8 {[%emt 0:00:01]} 15. Bb2 {[%emt 0:00:01]} Rac8 {[%emt 0:00:03]} 16. Nc4 {[%emt 0:00:02]} Bc7 {[%emt 0:00:02]} 17. a4 {[%emt 0:00:01]} b6 {[%emt 0:00:01]} 18. g3 {[%emt 0:00:01]} f5 {[%emt 0:00:05]} 19. Rhe1 {[%emt 0:00:03]} fxe4 {[%emt 0:00:01]} 20. Bxe4 {[%emt 0:00:01]} Nd5 {[%emt 0:00:01]} 21. Rad1 {[%emt 0:00:03]} Kf7 {[%emt 0:00:04]} 22. Bxd5 {[%emt 0:00:01]} exd5 {[%emt 0:00:01]} 23. Rxd5 {[%emt 0:00:01]} Be6 {[%emt 0:00:00]} 24. Rxd8 {[%emt 0:00:03]} Rxd8 {[%emt 0:00:00]} 25. Ne5+ {[%emt 0:00:01]} Bxe5 {[%emt 0:00:01]} 26. Rxe5 {[%emt 0:00:00]} Bc4 {[%emt 0:00:01]} 27. Re4 {[%emt 0:00:03]} Bd3+ {[%emt 0:00:01]} 28. Kb3 {[%emt 0:00:02]} Bxe4 {[%emt 0:00:00]} 29. c4 {[%emt 0:00:00]} Rd3+ {[%emt 0:00:02]} 30. Ka2 {[%emt 0:00:01]} Rd2 {[%emt 0:00:01]} 31. Ka1 {[%emt 0:00:01]} Rxh2 {[%emt 0:00:01]} 32. Be5 {[%emt 0:00:01]} Rg2 {[%emt 0:00:01]} 33. g4 {[%emt 0:00:01]} Rxg4 {[%emt 0:00:01]} 34. Kb2 {[%emt 0:00:00]} h5 {[%emt 0:00:01]} 35. Kc3 {[%emt 0:00:01]} h4 {[%emt 0:00:00]} 36. a5 {[%emt 0:00:01]} h3 {[%emt 0:00:02]} 37. axb6 {[%emt 0:00:00]} axb6 {[%emt 0:00:01]} 38. Bc7 {[%emt 0:00:00]} h2 {[%emt 0:00:02]} 39. f5 {[%emt 0:00:01]} h1=Q {[%emt 0:00:01]} 40. f6 {[%emt 0:00:00]} Qc1+ {[%emt 0:00:01]} 41. Kb3 {[%emt 0:00:01]} Rg3+ {[%emt 0:00:01]} 42. Bxg3 {[%emt 0:00:02]} Qe3+ {[%emt 0:00:01]} 43. Ka4 {[%emt 0:00:01]} Bc2# {[%emt 0:00:01] (Lag: Av=0.43s, max=1.0s)} 0-1

[Event "Stay Safe Play From Home 274"]
[Site "Emanuel Lasker Arena"]
[Date "2020.07.03"]
[Round "1"]
[White "Praveen Prasad"]
[Black "Bardellosport"]
[Result "1-0"]
[WhiteElo "2215"]
[BlackElo "1953"]
[PlyCount "141"]
[EventDate "2020.07.03"]
[EventType "swiss (blitz)"]

1. e4 {[%emt 0:00:01]} g6 {[%emt 0:00:01]} 2. d4 {[%emt 0:00:01]} Bg7 {[%emt 0:00:00]} 3. c3 {[%emt 0:00:01]} d6 {[%emt 0:00:00]} 4. Bd3 {[%emt 0:00:01]} e6 {[%emt 0:00:00]} 5. Bc2 {[%emt 0:00:00]} Ne7 {[%emt 0:00:00]} 6. Nf3 {[%emt 0:00:01]} Nd7 {[%emt 0:00:01]} 7. Be3 {[%emt 0:00:01]} b6 {[%emt 0:00:01]} 8. Nbd2 {[%emt 0:00:00]} Bb7 {[%emt 0:00:01]} 9. O-O {[%emt 0:00:01]} a6 {[%emt 0:00:00]} 10. Re1 {[%emt 0:00:00]} h6 {[%emt 0:00:01]} 11. Bf4 {[%emt 0:00:01]} g5 {[%emt 0:00:01]} 12. Bg3 {[%emt 0:00:00]} e5 {[%emt 0:00:01]} 13. d5 {[%emt 0:00:01]} O-O {[%emt 0:00:02]} 14. h4 {[%emt 0:00:01]} g4 {[%emt 0:00:02]} 15. Nh2 {[%emt 0:00:02]} h5 {[%emt 0:00:01]} 16. f3 {[%emt 0:00:01]} f5 {[%emt 0:00:02]} 17. exf5 {[%emt 0:00:03]} Nxf5 {[%emt 0:00:01]} 18. Ne4 {[%emt 0:00:01]} Nf6 {[%emt 0:00:03]} 19. fxg4 {[%emt 0:00:01]} Nxe4 {[%emt 0:00:01]} 20. Rxe4 {[%emt 0:00:00]} Nxg3 {[%emt 0:00:01]} 21. Re3 {[%emt 0:00:04]} Qxh4 {[%emt 0:00:04]} 22. gxh5 {[%emt 0:00:03]} Rf4 {[%emt 0:00:03]} 23. Qe1 {[%emt 0:00:07]} Raf8 {[%emt 0:00:01]} 24. Qxg3 {[%emt 0:00:01]} Qxg3 {[%emt 0:00:01]} 25. Rxg3 {[%emt 0:00:00]} Bxd5 {[%emt 0:00:01]} 26. h6 {[%emt 0:00:03]} R8f7 {[%emt 0:00:01]} 27. hxg7 {[%emt 0:00:01]} Rxg7 {[%emt 0:00:00]} 28. Rxg7+ {[%emt 0:00:01]} Kxg7 {[%emt 0:00:00]} 29. Rf1 {[%emt 0:00:02]} Rh4 {[%emt 0:00:02]} 30. Nf3 {[%emt 0:00:02]} Rg4 {[%emt 0:00:01]} 31. b3 {[%emt 0:00:01]} a5 {[%emt 0:00:01]} 32. c4 {[%emt 0:00:01]} Bc6 {[%emt 0:00:01]} 33. Bf5 {[%emt 0:00:01]} Rf4 {[%emt 0:00:01]} 34. Be6 {[%emt 0:00:01]} e4 {[%emt 0:00:01]} 35. Nd4 {[%emt 0:00:02]} Rxf1+ {[%emt 0:00:02]} 36. Kxf1 {[%emt 0:00:00]} Be8 {[%emt 0:00:00]} 37. Kf2 {[%emt 0:00:02]} Bg6 {[%emt 0:00:00]} 38. Ke3 {[%emt 0:00:01]} Kf6 {[%emt 0:00:00]} 39. Bd5 {[%emt 0:00:01]} Ke5 {[%emt 0:00:01]} 40. Nc6+ {[%emt 0:00:01]} Kf5 {[%emt 0:00:01]} 41. Bxe4+ {[%emt 0:00:00]} Ke6 {[%emt 0:00:02]} 42. Bxg6 {[%emt 0:00:00]} d5 {[%emt 0:00:00]} 43. cxd5+ {[%emt 0:00:01]} Kd6 {[%emt 0:00:00]} 44. Nd4 {[%emt 0:00:00]} Kc5 {[%emt 0:00:00]} 45. Nc2 {[%emt 0:00:02]} a4 {[%emt 0:00:00]} 46. Be4 {[%emt 0:00:01]} Kd6 {[%emt 0:00:00]} 47. bxa4 {[%emt 0:00:01]} Kc5 {[%emt 0:00:01]} 48. g4 {[%emt 0:00:00]} Kd6 {[%emt 0:00:00]} 49. g5 {[%emt 0:00:00]} Ke7 {[%emt 0:00:00]} 50. g6 {[%emt 0:00:00]} Kf6 {[%emt 0:00:00]} 51. a5 {[%emt 0:00:00]} Kg7 {[%emt 0:00:00]} 52. axb6 {[%emt 0:00:00]} cxb6 {[%emt 0:00:00]} 53. d6 {[%emt 0:00:00]} b5 {[%emt 0:00:00]} 54. d7 {[%emt 0:00:00]} Kf6 {[%emt 0:00:00]} 55. d8=Q+ {[%emt 0:00:00]} Kg7 {[%emt 0:00:01]} 56. Qb6 {[%emt 0:00:00]} Kh6 {[%emt 0:00:00]} 57. Qxb5 {[%emt 0:00:00]} Kg7 {[%emt 0:00:01]} 58. Qc5 {[%emt 0:00:00]} Kh6 {[%emt 0:00:00]} 59. Qd5 {[%emt 0:00:00]} Kg7 {[%emt 0:00:00]} 60. Qe5+ {[%emt 0:00:00]} Kh6 {[%emt 0:00:00]} 61. Qf5 {[%emt 0:00:00]} Kg7 {[%emt 0:00:00]} 62. Qf7+ {[%emt 0:00:00]} Kh6 {[%emt 0:00:00]} 63. Bd5 {[%emt 0:00:00]} Kg5 {[%emt 0:00:00]} 64. Bc4 {[%emt 0:00:00]} Kh6 {[%emt 0:00:00]} 65. Bb3 {[%emt 0:00:00]} Kg5 {[%emt 0:00:00]} 66. g7 {[%emt 0:00:00]} Kh6 {[%emt 0:00:00]} 67. Qf6+ {[%emt 0:00:00]} Kh7 {[%emt 0:00:01]} 68. Qf5+ {[%emt 0:00:00]} Kh6 {[%emt 0:00:00]} 69. Qg4 {[%emt 0:00:00]} Kh7 {[%emt 0:00:01]} 70. g8=Q+ {[%emt 0:00:00]} Kh6 {[%emt 0:00:01]} 71. Q8g7# {[%emt 0:00:00] (Lag: Av=0.62s, max=1.2s)} 1-0

[Event "Stay Safe Play From Home 274"]
[Site "Emanuel Lasker Arena"]
[Date "2020.07.03"]
[Round "1"]
[White "The Next Contender"]
[Black "Mepe_Nika"]
[Result "1/2-1/2"]
[WhiteElo "2023"]
[BlackElo "2389"]
[PlyCount "63"]
[EventDate "2020.07.03"]
[EventType "swiss (blitz)"]

1. d4 {[%emt 0:00:01]} d5 {[%emt 0:00:00]} 2. c4 {[%emt 0:00:00]} c6 {[%emt 0:00:00]} 3. Nf3 {[%emt 0:00:01]} Nf6 {[%emt 0:00:00]} 4. e3 {[%emt 0:00:00]} e6 {[%emt 0:00:01]} 5. Be2 {[%emt 0:00:02]} Nbd7 {[%emt 0:00:01]} 6. O-O {[%emt 0:00:01]} Bd6 {[%emt 0:00:00]} 7. c5 {[%emt 0:00:01]} Bc7 {[%emt 0:00:01]} 8. b4 {[%emt 0:00:00]} a6 {[%emt 0:00:02]} 9. a4 {[%emt 0:00:01]} O-O {[%emt 0:00:01]} 10. Nc3 {[%emt 0:00:01]} e5 {[%emt 0:00:00]} 11. b5 {[%emt 0:00:01]} axb5 {[%emt 0:00:01]} 12. Bb2 {[%emt 0:00:02]} bxa4 {[%emt 0:00:04]} 13. Nxa4 {[%emt 0:00:00]} e4 {[%emt 0:00:02]} 14. Nd2 {[%emt 0:00:01]} Re8 {[%emt 0:00:01]} 15. Qb3 {[%emt 0:00:01]} Nf8 {[%emt 0:00:01]} 16. Nc3 {[%emt 0:00:01]} Ng6 {[%emt 0:00:01]} 17. Rxa8 {[%emt 0:00:01]} Ng4 {[%emt 0:00:03]} 18. Bxg4 {[%emt 0:00:02]} Qh4 {[%emt 0:00:01]} 19. h3 {[%emt 0:00:03]} h5 {[%emt 0:00:04]} 20. Rxc8 {[%emt 0:00:02]} hxg4 {[%emt 0:00:02]} 21. Rxe8+ {[%emt 0:00:01]} Kh7 {[%emt 0:00:01]} 22. Ncxe4 {[%emt 0:00:04]} gxh3 {[%emt 0:00:03]} 23. Nd6 {[%emt 0:00:01]} hxg2 {[%emt 0:00:02]} 24. Kxg2 {[%emt 0:00:04]} Qg4+ {[%emt 0:00:01]} 25. Kh2 {[%emt 0:00:02]} Qh4+ {[%emt 0:00:01]} 26. Kg2 {[%emt 0:00:01]} Qg4+ {[%emt 0:00:01]} 27. Kh2 {[%emt 0:00:02]} Qh5+ {[%emt 0:00:01]} 28. Kg3 {[%emt 0:00:02]} Qg5+ {[%emt 0:00:06]} 29. Kf3 {[%emt 0:00:02]} Qh5+ {[%emt 0:00:00]} 30. Kg3 {[%emt 0:00:03]} Qh4+ {[%emt 0:00:01]} 31. Kf3 {[%emt 0:00:02]} Qh5+ {[%emt 0:00:01]} 32. Kg3 {[%emt 0:00:01] (Lag: Av=0.51s, max=1.0s)} 1/2-1/2

[Event "Stay Safe Play From Home 274"]
[Site "Emanuel Lasker Arena"]
[Date "2020.07.03"]
[Round "1"]
[White "SecantFX"]
[Black "BrainThinker22"]
[Result "0-1"]
[WhiteElo "1962"]
[BlackElo "2308"]
[Annotator "NA"]
[PlyCount "158"]
[EventDate "2020.07.03"]
[EventType "swiss (blitz)"]

1. g3 {[%emt 0:00:01]} d5 {[%emt 0:00:01]} 2. Bg2 {[%emt 0:00:00]} e6 {[%emt 0:00:00]} 3. f4 {[%emt 0:00:00]} Nf6 {[%emt 0:00:00]} 4. Nf3 {[%emt 0:00:00]} Be7 {[%emt 0:00:00]} 5. e3 {[%emt 0:00:00]} O-O {[%emt 0:00:00]} 6. d4 {[%emt 0:00:00]} c5 {[%emt 0:00:00]} 7. c3 {[%emt 0:00:00]} cxd4 {[%emt 0:00:00]} 8. exd4 {[%emt 0:00:00]} Nc6 {[%emt 0:00:00]} 9. Nbd2 {[%emt 0:00:00]} Ne4 {[%emt 0:00:00]} 10. O-O {[%emt 0:00:01]} f5 {[%emt 0:00:00]} 11. Re1 {[%emt 0:00:01]} Bf6 {[%emt 0:00:01]} 12. Nxe4 {[%emt 0:00:01]} dxe4 {[%emt 0:00:00]} 13. Nd2 {[%emt 0:00:00]} Bd7 {[%emt 0:00:01]} 14. Nb3 {[%emt 0:00:01]} Rc8 {[%emt 0:00:01]} 15. Nc5 {[%emt 0:00:01]} b6 {[%emt 0:00:00]} 16. Nxd7 {[%emt 0:00:01]} Qxd7 {[%emt 0:00:00]} 17. Qb3 {[%emt 0:00:01]} Na5 {[%emt 0:00:02]} 18. Qd1 {[%emt 0:00:01]} Nc4 {[%emt 0:00:01]} 19. Bf1 {[%emt 0:00:01]} Nd6 {[%emt 0:00:02]} 20. Qb3 {[%emt 0:00:01]} Kh8 {[%emt 0:00:01]} 21. Be3 {[%emt 0:00:01]} b5 {[%emt 0:00:04]} 22. a3 {[%emt 0:00:01]} a5 {[%emt 0:00:01]} 23. Rac1 {[%emt 0:00:02]} Nc4 {[%emt 0:00:01]} 24. Bxc4 {[%emt 0:00:01]} bxc4 {[%emt 0:00:01]} 25. Qd1 {[%emt 0:00:01]} Rb8 {[%emt 0:00:00]} 26. Re2 {[%emt 0:00:01]} a4 {[%emt 0:00:02]} 27. Rcc2 {[%emt 0:00:00]} Rb3 {[%emt 0:00:01]} 28. Qe1 {[%emt 0:00:02]} Rfb8 {[%emt 0:00:00]} 29. Qf2 {[%emt 0:00:00]} Qb7 {[%emt 0:00:02]} 30. Red2 {[%emt 0:00:01]} Qd5 {[%emt 0:00:01]} 31. Kg2 {[%emt 0:00:01]} g6 {[%emt 0:00:00]} 32. h3 {[%emt 0:00:00]} Kg7 {[%emt 0:00:00]} 33. Kh2 {[%emt 0:00:01]} h5 {[%emt 0:00:01]} 34. Qg2 {[%emt 0:00:00]} Qb5 {[%emt 0:00:02]} 35. g4 {[%emt 0:00:01]} hxg4 {[%emt 0:00:01]} 36. hxg4 {[%emt 0:00:00]} Rh8+ {[%emt 0:00:00]} 37. Kg1 {[%emt 0:00:01]} fxg4 {[%emt 0:00:00]} 38. Qxg4 {[%emt 0:00:01]} Qf5 {[%emt 0:00:00]} 39. Qxf5 {[%emt 0:00:01]} gxf5 {[%emt 0:00:00]} 40. Kg2 {[%emt 0:00:00]} Rh6 {[%emt 0:00:01]} 41. Kg3 {[%emt 0:00:01]} Rg6+ {[%emt 0:00:00]} 42. Kf2 {[%emt 0:00:03]} Rb8 {[%emt 0:00:00]} 43. Kf1 {[%emt 0:00:00]} Rh8 {[%emt 0:00:00]} 44. Rg2 {[%emt 0:00:00]} Rh1+ {[%emt 0:00:01]} 45. Kf2 {[%emt 0:00:01]} Rh3 {[%emt 0:00:00]} 46. Rxg6+ {[%emt 0:00:01]} Kxg6 {[%emt 0:00:00]} 47. Ke2 {[%emt 0:00:00]} Bh4 {[%emt 0:00:01]} 48. Kd1 {[%emt 0:00:01]} Rh1+ {[%emt 0:00:01]} 49. Kd2 {[%emt 0:00:01]} Rh2+ {[%emt 0:00:00]} 50. Kd1 {[%emt 0:00:01]} Rh3 {[%emt 0:00:00]} 51. Re2 {[%emt 0:00:01]} Rf3 {[%emt 0:00:01]} 52. Kd2 {[%emt 0:00:01]} Bg3 {[%emt 0:00:01]} 53. Bg1 {[%emt 0:00:01]} Bxf4+ {[%emt 0:00:01]} 54. Ke1 {[%emt 0:00:01]} Rd3 {[%emt 0:00:00]} 55. Rg2+ {[%emt 0:00:00]} Bg5 {[%emt 0:00:01]} 56. Re2 {[%emt 0:00:02]} e3 {[%emt 0:00:02]} 57. Kf1 {[%emt 0:00:01]} f4 {[%emt 0:00:00]} 58. Kg2 {[%emt 0:00:01]} Kf5 {[%emt 0:00:00]} 59. Kf3 {[%emt 0:00:00]} Rd1 {[%emt 0:00:00]} 60. Bh2 {[%emt 0:00:03]} Rf1+ {[%emt 0:00:01]} 61. Kg2 {[%emt 0:00:00]} Rd1 {[%emt 0:00:00]} 62. Kf3 {[%emt 0:00:01]} Rd2 {[%emt 0:00:00]} 63. Bxf4 {[%emt 0:00:02]} Rxe2 {[%emt 0:00:01]} 64. d5 {[%emt 0:00:01]} Rf2+ {[%emt 0:00:02]} 65. Kxe3 {[%emt 0:00:00]} Rxf4 {[%emt 0:00:01]} 66. dxe6 {[%emt 0:00:01]} Re4+ {[%emt 0:00:01]} 67. Kf2 {[%emt 0:00:02]} Rxe6 {[%emt 0:00:00]} 68. Kf3 {[%emt 0:00:00]} Rb6 {[%emt 0:00:00]} 69. Ke2 {[%emt 0:00:03]} Rxb2+ {[%emt 0:00:01]} 70. Kf3 {[%emt 0:00:00]} Rb3 {[%emt 0:00:01]} 71. Kg3 {[%emt 0:00:00]} Rxc3+ {[%emt 0:00:00]} 72. Kf2 {[%emt 0:00:00]} Rxa3 {[%emt 0:00:01]} 73. Ke2 {[%emt 0:00:00]} Rd3 {[%emt 0:00:00]} 74. Ke1 {[%emt 0:00:01]} a3 {[%emt 0:00:00]} 75. Ke2 {[%emt 0:00:00]} a2 {[%emt 0:00:00]} 76. Kf2 {[%emt 0:00:00]} Ke4 {[%emt 0:00:00]} 77. Ke2 {[%emt 0:00:00]} Kd4 {[%emt 0:00:00]} 78. Kf2 {[%emt 0:00:00]} Bd8 {[%emt 0:00:00]} 79. Ke2 {[%emt 0:00:00]} c3 {[%emt 0:00:00] Time (Lag: Av=0.54s, max=0.9s)} 0-1